Εκτίμηση εδαφικής υγρασίας νησιωτικής λεκάνης απορροής με την εφαρμογή της τηλεπισκόπησης και του κατανεμημένου υδρολογικού μοντέλου SWAT

Η γνώση του περιεχόμενου της υγρασίας του εδάφους είναι σημαντική σε όλη την κλίμακα των περιβαλλοντικών εφαρμογών, και μεθόδων διαχείρισης, αλλά η επαρκής παρακολούθηση και μοντελοποίηση αυτής της παραμέτρου, είναι δύσκολη λόγω της μεγάλης χωρικής και χρονικής μεταβλητότητας της. Η παρούσα μελέτη σ...

Πλήρης περιγραφή

Αποθηκεύτηκε σε:
Λεπτομέρειες βιβλιογραφικής εγγραφής
Κύριος συγγραφέας: Μελιάδου, Βαρβάρα
Συγγραφή απο Οργανισμό/Αρχή: Πανεπιστήμιο Αιγαίου Σχολή Κοινωνικών Επιστημών Τμήμα Γεωγραφίας Μεταπτυχιακό Πρόγραμμα Σπουδών Γεωγραφία και Εφαρμοσμένη Γεωπληροφορική
Μορφή: Thesis Βιβλίο
Γλώσσα:Greek
Δημοσίευση: 2015.
Θέματα:
Διαθέσιμο Online:http://hdl.handle.net/11610/11270
Ετικέτες: Προσθήκη ετικέτας
Δεν υπάρχουν, Καταχωρήστε ετικέτα πρώτοι!

MARC

LEADER 00000cam a2200000 a 4500
001 1/109239
008 151027s2015####gr | ||| |||| ||gre||
040 |a GR-MyUa  |b gre  |c GR-MyUa  |e AACR2 
041 0 |a gre 
082 7 |a 551.47   |2 (23)  
100 1 |a Μελιάδου, Βαρβάρα. 
245 1 0 |a Εκτίμηση εδαφικής υγρασίας νησιωτικής λεκάνης απορροής με την εφαρμογή της τηλεπισκόπησης και του κατανεμημένου υδρολογικού μοντέλου SWAT /   |c Μελιάδου Βαρβάρα ; Καλαμποκίδης Κώστας, επιβλέπων.  
260 |c 2015.  
300 |a 153 σ. :   |b εικ., χάρτες ;   |c 24 εκ.  
500 |a Επιτροπή: Καλαμποκίδης Κώστας, Τζωρτζάκη Ουρανία, Βασιλάκος Χρήστος.  
502 |a Διατριβή (μεταπτυχιακή) - Πανεπιστήμιο Αιγαίου, Λέσβος, 2015.  
504 |a Περιλαμβάνει βιβλιογραφία και παράρτημα.  
506 1 |a Ηλεκτρονική διάθεση στο πλήρες κείμενο – περιορισμένης πρόσβασης ;   |d Ελεύθερη διάθεση μόνο στα μέλη του Πανεπιστημίου Αιγαίου.  
520 8 |a Η γνώση του περιεχόμενου της υγρασίας του εδάφους είναι σημαντική σε όλη την κλίμακα των περιβαλλοντικών εφαρμογών, και μεθόδων διαχείρισης, αλλά η επαρκής παρακολούθηση και μοντελοποίηση αυτής της παραμέτρου, είναι δύσκολη λόγω της μεγάλης χωρικής και χρονικής μεταβλητότητας της. Η παρούσα μελέτη συνδυάζει δορυφορικά δεδομένα, μετρήσεις πεδίου, μετεωρολογικά δεδομένα καθώς και το υδρολογικό μοντέλο SWAT. Τα δεδομένα είναι απο το έτος 2003-2014.  
520 8 |a The knowledge of soil moisture is importanr in the whole range of environmental applications and management methods, but adequate monitoring and modeling of this parameter is difficult because of the large spatial and temporal variability. In the present study, used satellite data, field measurements, meteorological data and the hydrological model SWAT. The period of the data are from 2003 until 2014.  
540 |a Κλειδωμένη η δυνατότητα αντιγραφής (copy) από το ηλεκτρονικό αρχείο.  
650 0 |a Hydrology  |x Geographic information systems. 
650 0 |a Hydrology  |z Greece  |z Lesbos Island. 
650 0 |a Hydrology  |x Remote sensing. 
650 0 |a Watersheds  |z Greece  |z Lesbos Island. 
700 1 |a Καλαμποκίδης, Κώστας Δ.  |e dgs 
710 2 |a Πανεπιστήμιο Αιγαίου  |b Σχολή Κοινωνικών Επιστημών  |b Τμήμα Γεωγραφίας  |b Μεταπτυχιακό Πρόγραμμα Σπουδών Γεωγραφία και Εφαρμοσμένη Γεωπληροφορική. 
852 |a INST  |b LESVOS  |c DIATR  |e 20151027  |h 265  |p 005100057994  |q 005100057994  |t MTXE  |y 23 
856 |u http://hdl.handle.net/11610/11270 
924 |a Μελιάδου  |b Βαρβάρα  |y Λέσβος  |z 2015-03  
970 |a Τζαφέρη  |b Ευαγγελία  |z 27-10-2015